书目信息 |
| 题名: |
英语应用文模版
|
|
| 作者: | 丁树德 , 陈大中 编 | |
| 分册: | ||
| 出版信息: | 天津 天津大学出版社 2004.04 |
|
| 页数: | 310页 | |
| 开本: | 21cm | |
| 丛书名: | ||
| 单 册: | ||
| 中图分类: | H315 | |
| 科图分类: | ||
| 主题词: | 英语--应用文--写作 | |
| 电子资源: | ||
| ISBN: | 7-5618-1865-3 | |
| 000 | 01130nam0 2200241 450 | |
| 001 | 1063659015 | |
| 005 | 20100721174439.54 | |
| 010 | @a7-5618-1865-3@dCNY16.50 | |
| 100 | @a20100515d2004 km y0chiy0120 ea | |
| 101 | 0 | @achi |
| 102 | @aCN@b120000 | |
| 105 | @ay z 000yy | |
| 200 | 1 | @a英语应用文模版@Aying yu ying yong wen mo ban@d= Model of English Practical Writing@f丁树德, 陈大中编@Fding shu de,chen da zhong bian@zeng |
| 210 | @a天津@c天津大学出版社@d2004.04 | |
| 215 | @a310页@d21cm | |
| 330 | @a本书针对急用先学的快节奏思路编写的一本案头工具书,旨在帮助人们解决生活和工作中遇到的各种各样的实际困难,同时还要满足那些非英语专业毕业但能胜任英语应用文写作与翻译的工作人员。本书力求包括最新的中英文应用文类型,语言规范,涉猎面广,为广大读者提供一些可供模仿的语言资料。同时,本书所具有的另一特点,就是“模板功能”。本书可以用来解燃眉之急,套用模板,稍加修改,急用先学,即刻生效。【 | |
| 510 | 1 | @aModel of English Practical Writing@zeng |
| 606 | 0 | @a英语@x应用文@x写作 |
| 690 | @aH315@v4 | |
| 701 | 0 | @a丁树德@Ading shu de@4编 |
| 701 | 0 | @a陈大中@Achen da zhong@4编 |
| 801 | 0 | @aCN@c20100515 |
| 905 | @dH315@eD560@f3 | |
| 英语应用文模版= Model of English Practical Writing/丁树德, 陈大中编.-天津:天津大学出版社,2004.04 |
| 310页;21cm |
| ISBN 7-5618-1865-3:CNY16.50 |
| 本书针对急用先学的快节奏思路编写的一本案头工具书,旨在帮助人们解决生活和工作中遇到的各种各样的实际困难,同时还要满足那些非英语专业毕业但能胜任英语应用文写作与翻译的工作人员。本书力求包括最新的中英文应用文类型,语言规范,涉猎面广,为广大读者提供一些可供模仿的语言资料。同时,本书所具有的另一特点,就是“模板功能”。本书可以用来解燃眉之急,套用模板,稍加修改,急用先学,即刻生效。【 |
| ● |
| 相关链接 |
|
|
|
正题名:英语应用文模版
索取号:H315/D560
 
预约/预借
| 序号 | 登录号 | 条形码 | 馆藏地/架位号 | 状态 | 备注 |